Created for commitment / (Record no. 54154)
[ view plain ]
| 000 -LEADER | |
|---|---|
| fixed length control field | 00859nam a2200265 a 4500 |
| 001 - CONTROL NUMBER | |
| control field | 9320207 |
| 005 - DATE AND TIME OF LATEST TRANSACTION | |
| control field | 20250708133226.0 |
| 008 - FIXED-LENGTH DATA ELEMENTS--GENERAL INFORMATION | |
| fixed length control field | 830725s1982 iluaf 000 0aeng |
| 010 ## - LIBRARY OF CONGRESS CONTROL NUMBER | |
| LC control number | 82050797 |
| 020 ## - INTERNATIONAL STANDARD BOOK NUMBER | |
| International Standard Book Number | 0842304436 |
| 035 ## - SYSTEM CONTROL NUMBER | |
| System control number | (OCoLC)9320207 |
| 040 ## - CATALOGING SOURCE | |
| Original cataloging agency | DLC |
| Transcribing agency | DLC |
| Modifying agency | SJY |
| -- | UtOrBLW |
| 049 ## - LOCAL HOLDINGS (OCLC) | |
| Holding library | SJYA |
| 100 1# - MAIN ENTRY--PERSONAL NAME | |
| Personal name | Johnson, A. Wetherell, |
| Dates associated with a name | 1907- |
| Fuller form of name | (Audrey Wetherell) |
| 245 10 - TITLE STATEMENT | |
| Title | Created for commitment / |
| Statement of responsibility, etc | A. Wetherell Johnson. |
| 264 #1 - PRODUCTION, PUBLICATION, DISTRIBUTION, MANUFACTURE STATEMENTS | |
| Place of production, publication, distribution, manufacture | Wheaton, Ill. : |
| Name of producer, publisher, distributor, manufacturer | <a href="Tyndale House Publishers,">Tyndale House Publishers,</a> |
| Date of production, publication, distribution, manufacture | c1982. |
| 300 ## - PHYSICAL DESCRIPTION | |
| Extent | 374 pages, 22 unnumbered pages of plates : |
| Other physical details | illustrations ; |
| Dimensions | 22 cm. |
| 336 ## - CONTENT TYPE | |
| Content Type Term | text |
| Source | rdacontent. |
| 337 ## - MEDIA TYPE | |
| Media Type Term | unmediated |
| Source | rdamedia. |
| 338 ## - CARRIER TYPE | |
| Carrier Type Term | volume |
| Source | rdacarrier. |
| 600 10 - SUBJECT ADDED ENTRY--PERSONAL NAME | |
| Personal name | Johnson, A. Wetherell, |
| Dates associated with a name | 1907- |
| Fuller form of name | (Audrey Wetherell) |
| 610 20 - SUBJECT ADDED ENTRY--CORPORATE NAME | |
| Corporate name or jurisdiction name as entry element | Bible Study Fellowship. |
| 650 #0 - SUBJECT ADDED ENTRY--TOPICAL TERM | |
| Topical term or geographic name as entry element | Christian biography. |
| 942 ## - ADDED ENTRY ELEMENTS (KOHA) | |
| Source of classification or shelving scheme | Library of Congress Classification |
| Item type | Books |
| Withdrawn status | Lost status | Source of classification or shelving scheme | Damaged status | Not for loan | Home library | Current library | Shelving location | Date acquired | Inventory number | Total Checkouts | Full call number | Barcode | Date last seen | Price effective from | Koha item type |
|---|---|---|---|---|---|---|---|---|---|---|---|---|---|---|---|
| Library of Congress Classification | BSOP Library | BSOP Library | GC | 07/08/2025 | 49198 | BR1725 J61 1982 | 00061721 | 07/08/2025 | 07/08/2025 | Books |
